| 000 | 00819nam a2200229 a 4500 | ||
|---|---|---|---|
| 005 | 20140412111236.0 | ||
| 008 | 010530s19uu xx 00 eng d | ||
| 020 | _a0-689-80992-1 | ||
| 050 |
_aER _bBu96 1997 |
||
| 100 | _aScarry, Richard | ||
| 245 |
_aBusytown boat race / _cRichard Scarry. |
||
| 250 | _a1st Aladdin Paperbacks Ed. | ||
| 260 |
_aNew York : _bAladdin Paperbacks, _c1997. |
||
| 300 | _a1v. (unp.) ; ill. | ||
| 440 | _aThe Busy World of Richard Scarry | ||
| 500 | _aAdapted from the animated television series: The Busy World of Richard Scarry | ||
| 520 | _aHuckle and Lowly are all set for the busytown boat race, but they have to works hard to steer clear of Mr. Frumble. | ||
| 650 | _aRacing-Fiction | ||
| 650 | _aBoats and boating-Fiction | ||
| 650 | _aAnimals-Fiction | ||
| 999 |
_c102426 _d102426 |
||